000 00474nam a22001697a 4500
999 _c138
_d138
005 20180808120234.0
008 180808b ||||| |||| 00| 0 eng d
040 _cOCLC
082 _a248.83
_bH945M
100 _aHunter, Wayne J
245 _aMan In Demand:
_bTeacher's Book
_cWayne J.Hunter and Emily Hunter
260 _aUSA
_bManna Publication
_cc1975
300 _a221p.
650 _aChristian Life
_vspiritual
700 _aEmily hunter
_eJoint Author
942 _2ddc
_cBK